[Event "Liga Madrileña 2010/2011 - D. Honor"]
[Site "Madrid ESP"]
[Date "2011.02.20"]
[Round "11.35"]
[White "Montañes Arribas, Adrian"]
[Black "Rodrigo Yanguas, Maria"]
[Result "1-0"]
[WhiteElo "2147"]
[BlackElo "2070"]
[PlyCount "105"]
[EventDate "2010.11.21"]
[EventType "team"]
[EventRounds "14"]
[EventCountry "ESP"]
[Source "lmi"]
[SourceDate "2010.11.21"]
[WhiteTeam "Vallecas CDV"]
[BlackTeam "Pueblo Nuevo"]
[WhiteTeamCountry "ESP"]
[BlackTeamCountry "ESP"]

1. e4 e6 2. d4 d5 3. Nd2 Be7 4. Ngf3 Nf6 5. Bd3 c5 6. e5 Nfd7 7. c3 Nc6 8. O-O
cxd4 9. cxd4 Nb6 10. Re1 a5 11. Nf1 a4 12. Ng3 h5 13. Ne2 Bd7 14. h4 Nb4 15.
Bb1 Nc4 16. Nf4 a3 17. b3 Nb2 18. Qd2 Qb6 19. Bxb2 axb2 20. Qxb2 Nc6 21. Nd3
Ba3 22. Qc3 Rc8 23. b4 Bxb4 24. Nxb4 Qxb4 25. Qe3 Ra8 26. a3 Qe7 27. Bc2 Na5
28. Ng5 Nc4 29. Qf4 b5 30. Bd3 Rf8 31. Qf3 Rxa3 32. Qxh5 Kd8 33. Bxc4 dxc4 34.
Nxf7+ Kc7 35. Nd6 Rfa8 36. Rxa3 Rxa3 37. Rb1 c3 38. Qf3 Bc6 39. Qd3 b4 40. Qc4
Ra4 41. Ne4 Qxh4 42. Nc5 Qg4 43. f3 Qg6 44. Nxe6+ Kb8 45. Rxb4+ Rxb4 46. Qxb4+
Kc8 47. Qf8+ Kb7 48. Qe7+ Kb6 49. Qb4+ Bb5 50. Qc5+ Ka5 51. Qxc3+ Kb6 52. Qc7+
Ka6 53. Nc5# 1-0

[Event "Liga Madrileña 2010/2011 - D. Honor"]
[Site "Madrid ESP"]
[Date "2011.02.20"]
[Round "11.36"]
[White "Sotnikov, Taras"]
[Black "Martin Duque, Jesus"]
[Result "0-1"]
[WhiteElo "2059"]
[BlackElo "2115"]
[PlyCount "76"]
[EventDate "2010.11.21"]
[EventType "team"]
[EventRounds "14"]
[EventCountry "ESP"]
[Source "lmi"]
[SourceDate "2010.11.21"]
[WhiteTeam "Pueblo Nuevo"]
[BlackTeam "Vallecas CDV"]
[WhiteTeamCountry "ESP"]
[BlackTeamCountry "ESP"]

1. e4 c5 2. c3 e6 3. d4 d5 4. exd5 exd5 5. Nf3 Nf6 6. Bg5 Be7 7. dxc5 O-O 8. b4
a5 9. Be3 Ne4 10. Qb3 axb4 11. cxb4 Bf6 12. Nd4 Nc6 13. Qb2 Qe7 14. Be2 Qe5 15.
f4 Qxd4 16. Bxd4 Nxd4 17. Qc1 Nxe2 18. Kxe2 Bxa1 19. a3 Bg4+ 20. Kf1 Rfe8 21.
Nd2 Nxd2+ 22. Qxd2 d4 23. h3 Bc3 24. Qc1 Re1+ 25. Qxe1 Bxe1 26. Kxe1 Be6 27.
Kf2 Rxa3 28. Rd1 d3 29. Ke3 Bc4 30. Kd4 Bb5 31. g4 Rb3 32. Ra1 Rxb4+ 33. Kc3
Ra4 34. Rb1 Bc6 35. Rf1 Ra2 36. Kb3 Rh2 37. Ra1 Kf8 38. Kc3 Rxh3 0-1

[Event "Liga Madrileña 2010/2011 - D. Honor"]
[Site "Madrid ESP"]
[Date "2011.02.20"]
[Round "11.41"]
[White "Valles Moreno, Ivan"]
[Black "Gallego Jimenez, Victoriano"]
[Result "1-0"]
[WhiteElo "2366"]
[BlackElo "2398"]
[PlyCount "49"]
[EventDate "2010.11.21"]
[EventType "team"]
[EventRounds "14"]
[EventCountry "ESP"]
[Source "lmi"]
[SourceDate "2010.11.21"]
[WhiteTeam "Amigos del Retiro"]
[BlackTeam "La Casa del Ajedrez"]
[WhiteTeamCountry "ESP"]
[BlackTeamCountry "ESP"]

1. d4 d5 2. c4 Nc6 3. Nc3 Nf6 4. Nf3 dxc4 5. Bg5 a6 6. d5 Na7 7. e4 Nb5 8. Bxc4
Nxc3 9. bxc3 Nxe4 10. O-O b5 11. Bb3 Bg4 12. Bh4 g5 13. Re1 gxh4 14. Rxe4 Bf5
15. Re1 Bg7 16. Nd4 Bxd4 17. Qxd4 O-O 18. Qxh4 Re8 19. Re5 e6 20. Qg3+ Kh8 21.
Rae1 Qf6 22. Qf4 Rad8 23. h4 Rg8 24. dxe6 fxe6 25. Bxe6 1-0

[Event "Liga Madrileña 2010/2011 - D. Honor"]
[Site "Madrid ESP"]
[Date "2011.02.20"]
[Round "11.42"]
[White "Bass, Leonid"]
[Black "Vallejo Diaz, Javier"]
[Result "1-0"]
[WhiteElo "2415"]
[BlackElo "2350"]
[PlyCount "105"]
[EventDate "2010.11.21"]
[EventType "team"]
[EventRounds "14"]
[EventCountry "ESP"]
[Source "lmi"]
[SourceDate "2010.11.21"]
[WhiteTeam "La Casa del Ajedrez"]
[BlackTeam "Amigos del Retiro"]
[WhiteTeamCountry "ESP"]
[BlackTeamCountry "ESP"]

1. d4 d5 2. c4 c6 3. cxd5 cxd5 4. Nc3 Nf6 5. Bf4 Nc6 6. e3 a6 7. Bd3 g6 8. h3
Bg7 9. Nf3 O-O 10. Rc1 Re8 11. O-O Bf5 12. Bxf5 gxf5 13. Ne5 Rc8 14. Na4 Ne4
15. Nxc6 bxc6 16. b3 a5 17. f3 Nd6 18. Qe1 f6 19. Bxd6 Qxd6 20. Qxa5 f4 21. Qd2
Bh6 22. e4 dxe4 23. fxe4 Bg5 24. Rf3 e5 25. Rd1 Rcd8 26. Nc5 Qe7 27. Qc2 Kh8
28. b4 exd4 29. a4 Rb8 30. Rxd4 f5 31. Qc4 Bf6 32. Rd7 Qe5 33. Qf7 Bg7 34. Nd3
Qa1+ 35. Rf1 Qc3 36. e5 Rg8 37. Qxf5 Rbf8 38. Qe4 f3 39. Rxf3 Rxf3 40. Qxf3
Bxe5 41. Nxe5 Qxe5 42. Qd1 Ra8 43. a5 c5 44. Rd8+ Rxd8 45. Qxd8+ Kg7 46. Qd7+
Kg8 47. Qc8+ Kg7 48. Qxc5 Qe1+ 49. Kh2 Qe2 50. a6 h5 51. Qc3+ Kh7 52. Qc7+ Kg6
53. a7 1-0

[Event "Liga Madrileña 2010/2011 - D. Honor"]
[Site "Madrid ESP"]
[Date "2011.02.20"]
[Round "11.43"]
[White "Perez Gonzalez, Jose Manuel"]
[Black "Rojo Huerta, Gabriel"]
[Result "0-1"]
[WhiteElo "2281"]
[BlackElo "2375"]
[PlyCount "108"]
[EventDate "2010.11.21"]
[EventType "team"]
[EventRounds "14"]
[EventCountry "ESP"]
[Source "lmi"]
[SourceDate "2010.11.21"]
[WhiteTeam "Amigos del Retiro"]
[BlackTeam "La Casa del Ajedrez"]
[WhiteTeamCountry "ESP"]
[BlackTeamCountry "ESP"]

1. e4 c5 2. Nf3 e6 3. d4 cxd4 4. Nxd4 Nc6 5. Nc3 Qc7 6. Be3 a6 7. Qd2 Nf6 8.
O-O-O Bb4 9. f3 Ne5 10. Nb3 b5 11. Bd4 Be7 12. Qf2 O-O 13. g4 Nc4 14. Bxc4 bxc4
15. Nd2 Rb8 16. Qe2 d5 17. exd5 Nxd5 18. Nxd5 exd5 19. Be5 Bd6 20. Nxc4 Bxe5
21. Qxe5 Qxc4 22. Qxb8 Bxg4 23. Qxf8+ Kxf8 24. fxg4 Qxa2 25. b3 d4 26. Rhe1
Qa1+ 27. Kd2 Qc3+ 28. Ke2 Qxc2+ 29. Rd2 Qe4+ 30. Kd1 Qxg4+ 31. Kc2 Qc8+ 32. Kb1
Qc3 33. Red1 Qxb3+ 34. Ka1 g5 35. Rxd4 Qc3+ 36. Kb1 Kg7 37. R1d3 Qe1+ 38. Kc2
h5 39. Rd5 f6 40. Rd7+ Kg6 41. Rd8 Qe2+ 42. Rd2 Qe4+ 43. Kc3 Qc6+ 44. Kb2 g4
45. R8d4 Kg5 46. Rd5+ f5 47. Rd8 f4 48. R8d5+ Kh4 49. Rf5 Qb6+ 50. Ka1 f3 51.
Rdd5 Qg1+ 52. Kb2 Qxh2+ 53. Kc3 Kg3 54. Rxh5 Qxh5 0-1

[Event "Liga Madrileña 2010/2011 - D. Honor"]
[Site "Madrid ESP"]
[Date "2011.02.20"]
[Round "11.44"]
[White "Elguezabal Varela, Daniel"]
[Black "Garcia Cuenca, Victor"]
[Result "1/2-1/2"]
[WhiteElo "2357"]
[BlackElo "2329"]
[PlyCount "194"]
[EventDate "2010.11.21"]
[EventType "team"]
[EventRounds "14"]
[EventCountry "ESP"]
[Source "lmi"]
[SourceDate "2010.11.21"]
[WhiteTeam "La Casa del Ajedrez"]
[BlackTeam "Amigos del Retiro"]
[WhiteTeamCountry "ESP"]
[BlackTeamCountry "ESP"]

1. Nf3 d6 2. d4 g6 3. c4 Bg7 4. g3 Nd7 5. Bg2 e5 6. O-O Ne7 7. Nc3 O-O 8. e4
exd4 9. Nxd4 Nc6 10. Nde2 Nc5 11. Be3 a5 12. Qd2 Ne5 13. b3 Bh3 14. Bh6 Re8 15.
Bxg7 Kxg7 16. Nd4 Bxg2 17. Kxg2 a4 18. Rab1 axb3 19. axb3 Nc6 20. Rfe1 Nxd4 21.
Qxd4+ Kg8 22. Nd5 Nd7 23. b4 c6 24. Nc3 Qf6 25. Qxf6 Nxf6 26. Rb3 g5 27. f3 g4
28. f4 Re6 29. c5 dxc5 30. bxc5 Nd7 31. Rxb7 Nxc5 32. Rbb1 Ra3 33. Re3 Nxe4 34.
Rxe4 Rxc3 35. Rxe6 fxe6 36. Rb7 Rc2+ 37. Kg1 c5 38. Re7 c4 39. Rxe6 Kf7 40. Rc6
c3 41. f5 h5 42. Kf1 Rxh2 43. Rxc3 Kf6 44. Rc5 Rd2 45. Ra5 Rd3 46. Kg2 Re3 47.
Rb5 Rf3 48. Ra5 Rxf5 49. Ra4 Re5 50. Rb4 Rd5 51. Re4 Kf5 52. Rf4+ Ke5 53. Rf8
Rd2+ 54. Kg1 Ke4 55. Rf7 Ke3 56. Rf8 Rd5 57. Kg2 Re5 58. Rf7 Ke2 59. Rf8 Ke1
60. Rf7 Re2+ 61. Kg1 Kd2 62. Rf8 Re3 63. Kg2 Ke2 64. Rf7 Re5 65. Rf8 Ke3 66.
Rf7 Ke4 67. Rf8 Kd5 68. Rf6 Re2+ 69. Kg1 Ke5 70. Rf8 Ra2 71. Rf7 Ra5 72. Kg2
Ke6 73. Rf8 Rf5 74. Re8+ Kf7 75. Re2 Kg6 76. Re1 Kg5 77. Re8 Ra5 78. Rf8 Ra2+
79. Kg1 Ra5 80. Kg2 Ra2+ 81. Kg1 Ra6 82. Kg2 Rg6 83. Ra8 Rf6 84. Ra5+ Rf5 85.
Ra8 Rb5 86. Rf8 Ra5 87. Kg1 Rb5 88. Kg2 Ra5 89. Kg1 Ra2 90. Kh1 Rb2 91. Kg1 Re2
92. Kh1 Rc2 93. Kg1 Re2 94. Kh1 Rc2 95. Kg1 Rd2 96. Kh1 Rc2 97. Kg1 Rd2 1/2-1/2

[Event "Liga Madrileña 2010/2011 - D. Honor"]
[Site "Madrid ESP"]
[Date "2011.02.20"]
[Round "11.45"]
[White "Fernandez Garcia, Miguel Angel"]
[Black "Gemy Vargas, Jose Daniel"]
[Result "0-1"]
[WhiteElo "2304"]
[BlackElo "2316"]
[PlyCount "158"]
[EventDate "2010.11.21"]
[EventType "team"]
[EventRounds "14"]
[EventCountry "ESP"]
[Source "lmi"]
[SourceDate "2010.11.21"]
[WhiteTeam "La Casa del Ajedrez"]
[BlackTeam "Amigos del Retiro"]
[WhiteTeamCountry "ESP"]
[BlackTeamCountry "ESP"]

1. d4 Nf6 2. c4 e6 3. Nf3 d5 4. Nc3 c6 5. Bf4 dxc4 6. a4 Bb4 7. Ne5 b5 8. g3
Qb6 9. Bg2 Bb7 10. O-O O-O 11. e4 Rd8 12. Be3 Nbd7 13. Qe2 a6 14. d5 Bc5 15.
Nxc6 Bxc6 16. dxc6 Ne5 17. Bg5 Qxc6 18. Kh1 b4 19. Nd1 Rd7 20. Bxf6 gxf6 21. f4
Nd3 22. e5 Qc8 23. exf6 Kh8 24. Be4 Bd4 25. Qh5 Qg8 26. Qh6 Nc5 27. Qg7+ Qxg7
28. fxg7+ Kxg7 29. Bxa8 Nb3 30. Rb1 Nd2 31. Ne3 Bxe3 32. Rbd1 c3 33. bxc3 bxc3
34. Rfe1 Rd3 35. Bg2 c2 36. Rc1 Rc3 37. Re2 e5 38. fxe5 Rb3 39. Be4 Nxe4 40.
Rcxc2 Ng5 41. Kg2 a5 42. Rb2 Rxb2 43. Rxb2 Bd4 44. Rb5 Bc3 45. g4 Ne6 46. h4
Kg6 47. Kf1 Bb4 48. Rb8 Kg7 49. Kf2 Nc5 50. Kf3 Nxa4 51. g5 Nc5 52. h5 h6 53.
gxh6+ Kxh6 54. Kg4 Ne6 55. Ra8 Bc3 56. Ra6 Kg7 57. Kf5 Nd4+ 58. Ke4 Ne6 59. Kf5
Kh6 60. Ra7 Ng7+ 61. Ke4 Ne6 62. Kd5 Ng5 63. Ra6+ Kxh5 64. Rf6 Kg4 65. Rc6 Bb4
66. Rc4+ Kf5 67. Rc1 Ne6 68. Rf1+ Nf4+ 69. Kd4 Bd2 70. Rf2 Be1 71. Rf1 Bb4 72.
Rf2 a4 73. Rb2 Bf8 74. Rb7 Kg6 75. Ra7 a3 76. Ra8 Ne6+ 77. Kc4 Bc5 78. Rg8+ Kf5
79. Kd5 a2 0-1

[Event "Liga Madrileña 2010/2011 - D. Honor"]
[Site "Madrid ESP"]
[Date "2011.02.20"]
[Round "11.46"]
[White "Paredes Sanchez, Juan"]
[Black "Suarez Uriel, Adrian"]
[Result "0-1"]
[WhiteElo "2172"]
[BlackElo "2215"]
[PlyCount "104"]
[EventDate "2010.11.21"]
[EventType "team"]
[EventRounds "14"]
[EventCountry "ESP"]
[Source "lmi"]
[SourceDate "2010.11.21"]
[WhiteTeam "Amigos del Retiro"]
[BlackTeam "La Casa del Ajedrez"]
[WhiteTeamCountry "ESP"]
[BlackTeamCountry "ESP"]

1. e4 c5 2. Ne2 a6 3. c4 e5 4. Nbc3 Nc6 5. d3 g6 6. g3 Bg7 7. Bg2 Nf6 8. O-O
O-O 9. f4 exf4 10. Bxf4 d6 11. Qd2 Ng4 12. Nd5 Nd4 13. Nxd4 Bxd4+ 14. Kh1 Be6
15. Nc3 Bg7 16. h3 Ne5 17. Rad1 b5 18. b3 Qa5 19. Ne2 Qxd2 20. Rxd2 h6 21. Be3
Rfe8 22. Rc1 Rac8 23. Nc3 Rb8 24. Ne2 Rbc8 25. Kh2 h5 26. Bf4 Bf6 27. Ng1 h4
28. gxh4 Bxh4 29. d4 cxd4 30. Rxd4 bxc4 31. Rxd6 Nd3 32. Rf1 Nxf4 33. Rxf4 Bd8
34. bxc4 Rxc4 35. Ne2 Bc7 36. e5 Rxf4 37. Nxf4 Bxd6 38. exd6 Rd8 39. a3 Rxd6
40. Bf1 Rc6 41. Bd3 Bc4 42. Be4 Rb6 43. Nd3 f5 44. Ne5 fxe4 45. Nxc4 Rb3 46.
Kg2 Rc3 47. Nd6 e3 48. a4 e2 49. Kf2 Rxh3 50. Kxe2 Ra3 51. Kd2 Rxa4 52. Kc3 Rf4
0-1

[Event "Liga Madrileña 2010/2011 - D. Honor"]
[Site "Madrid ESP"]
[Date "2011.03.06"]
[Round "12.11"]
[White "Adan Bermudez, Sergio"]
[Black "Valles Moreno, Ivan"]
[Result "1-0"]
[WhiteElo "2264"]
[BlackElo "2366"]
[PlyCount "111"]
[EventDate "2010.11.21"]
[EventType "team"]
[EventRounds "14"]
[EventCountry "ESP"]
[Source "lmi"]
[SourceDate "2010.11.21"]
[WhiteTeam "Pueblo Nuevo"]
[BlackTeam "Amigos del Retiro"]
[WhiteTeamCountry "ESP"]
[BlackTeamCountry "ESP"]

1. c4 f5 2. d4 Nf6 3. g3 g6 4. Bg2 Bg7 5. Nc3 O-O 6. Nh3 d6 7. d5 Nbd7 8. O-O
Ne5 9. b3 c5 10. dxc6 bxc6 11. Bf4 Ne4 12. Rc1 Nxc3 13. Rxc3 Bd7 14. Rc2 Nf7
15. Ng5 Nh8 16. Bc1 Bf6 17. Nf3 Nf7 18. Bb2 e5 19. Ba3 e4 20. Ne1 c5 21. Bb2 a5
22. f3 Bxb2 23. Rxb2 Bc6 24. fxe4 fxe4 25. Nd3 Qe7 26. Nf4 Qe5 27. Rd2 Rad8 28.
Qa1 Qe7 29. Qc3 Nh6 30. Bh3 Nf5 31. Bxf5 Rxf5 32. Qe3 Rdf8 33. Rdd1 Qf6 34. Rf2
a4 35. bxa4 Qe5 36. Rdf1 R8f6 37. a5 Rf7 38. a3 Kf8 39. Nh3 Ke8 40. a6 h6 41.
Rxf5 gxf5 42. Qxh6 Kd7 43. Rd1 Kc7 44. Qf4 Qf6 45. Ng5 Rd7 46. Qd2 Kb6 47. Rb1+
Kxa6 48. Qb2 Qd8 49. Ne6 Qa5 50. Qb8 Bb7 51. Qe8 Rh7 52. Nd8 Qxa3 53. Qb5+ Ka7
54. Nxb7 Qe3+ 55. Kf1 Qa3 56. Nxd6 1-0

[Event "Liga Madrileña 2010/2011 - D. Honor"]
[Site "Madrid ESP"]
[Date "2011.03.06"]
[Round "12.12"]
[White "Perez Gonzalez, Jose Manuel"]
[Black "Barez Menendez, Hector"]
[Result "1/2-1/2"]
[WhiteElo "2281"]
[BlackElo "2168"]
[PlyCount "47"]
[EventDate "2010.11.21"]
[EventType "team"]
[EventRounds "14"]
[EventCountry "ESP"]
[Source "lmi"]
[SourceDate "2010.11.21"]
[WhiteTeam "Amigos del Retiro"]
[BlackTeam "Pueblo Nuevo"]
[WhiteTeamCountry "ESP"]
[BlackTeamCountry "ESP"]

1. e4 e5 2. Nf3 Nf6 3. Nxe5 d6 4. Nf3 Nxe4 5. d4 d5 6. Bd3 Nc6 7. O-O Be7 8. c3
Bg4 9. Re1 f5 10. Nbd2 O-O 11. Qb3 Kh8 12. Qxb7 Rf6 13. Qb3 Rb8 14. Qc2 Bd6 15.
Ne5 Bxe5 16. dxe5 Nxe5 17. Bf1 Rg6 18. Nxe4 fxe4 19. Bf4 Qf6 20. Bg3 h5 21. h4
Be6 22. Be2 Bg4 23. Bf1 Be6 24. Be2 1/2-1/2

[Event "Liga Madrileña 2010/2011 - D. Honor"]
[Site "Madrid ESP"]
[Date "2011.03.06"]
[Round "12.13"]
[White "Baigorri Navarro, Francisco Javier"]
[Black "Fernandez Garcia, Miguel Angel"]
[Result "1/2-1/2"]
[WhiteElo "2149"]
[BlackElo "2304"]
[PlyCount "116"]
[EventDate "2010.11.21"]
[EventType "team"]
[EventRounds "14"]
[EventCountry "ESP"]
[Source "lmi"]
[SourceDate "2010.11.21"]
[WhiteTeam "Pueblo Nuevo"]
[BlackTeam "Amigos del Retiro"]
[WhiteTeamCountry "ESP"]
[BlackTeamCountry "ESP"]

1. d4 d5 2. c4 c6 3. Nc3 Nf6 4. Nf3 g6 5. e3 Bg7 6. Be2 O-O 7. O-O Bg4 8. cxd5
cxd5 9. Qb3 b6 10. Bd2 Nc6 11. Nb5 Ne4 12. Be1 Ng5 13. Rc1 Rc8 14. Bb4 Qd7 15.
Rfe1 Ne4 16. a4 Rfd8 17. h3 Bxf3 18. Bxf3 a6 19. Bxe4 axb5 20. Bd3 Nxb4 21.
Qxb4 bxa4 22. Bb5 Qa7 23. Qxa4 Qxa4 24. Bxa4 e5 25. dxe5 Bxe5 26. b3 Rc5 27.
Red1 d4 28. exd4 Rxd4 29. Re1 Rxc1 30. Rxc1 Rd2 31. Bb5 Bd4 32. Rf1 f5 33. g3
Kg7 34. Kg2 Kf6 35. h4 h6 36. Kf3 g5 37. hxg5+ hxg5 38. g4 Bc5 39. Bc4 Rd4 40.
gxf5 Kxf5 41. Ke2 g4 42. Bd3+ Kf4 43. Rh1 Kg5 44. Bc2 Rf4 45. Rh2 Rf3 46. Rg2
Kf4 47. Bd3 Rh3 48. Bc4 Rh6 49. Bd5 Rd6 50. Bc4 Bb4 51. Rg3 Rd2+ 52. Kf1 Bc5
53. Be2 Rb2 54. Rxg4+ Kf5 55. Rg3 Rb1+ 56. Kg2 Rb2 57. Rf3+ Ke5 58. Bc4 Ke4
1/2-1/2

[Event "Liga Madrileña 2010/2011 - D. Honor"]
[Site "Madrid ESP"]
[Date "2011.03.06"]
[Round "12.14"]
[White "Sanchez Gonzalez, Sergio"]
[Black "Nieto de la Cruz, Julio"]
[Result "1-0"]
[WhiteElo "2291"]
[BlackElo "2135"]
[PlyCount "85"]
[EventDate "2010.11.21"]
[EventType "team"]
[EventRounds "14"]
[EventCountry "ESP"]
[Source "lmi"]
[SourceDate "2010.11.21"]
[WhiteTeam "Amigos del Retiro"]
[BlackTeam "Pueblo Nuevo"]
[WhiteTeamCountry "ESP"]
[BlackTeamCountry "ESP"]

1. c4 Nf6 2. Nc3 g6 3. g3 Bg7 4. Bg2 d6 5. Nf3 O-O 6. d4 Nbd7 7. d5 a5 8. O-O
Nc5 9. Nd4 Bd7 10. b3 Qc8 11. Re1 Bh3 12. Bh1 e5 13. Nf3 h6 14. e4 Nh5 15. a3
f5 16. Nh4 Qe8 17. Be3 Nd7 18. Bd2 Qf7 19. f3 fxe4 20. Nxe4 Nc5 21. Nf2 Bd7 22.
b4 Ba4 23. Qb1 Nb3 24. Ra2 Kh7 25. f4 Nxd2 26. Rxd2 Bd7 27. Be4 Bf5 28. Bxf5
gxf5 29. fxe5 Bxe5 30. Rde2 Rae8 31. bxa5 Kg7 32. Qd3 Qf6 33. Qf3 Qg5 34. Nh3
Qg4 35. Qxg4+ fxg4 36. Nf2 Nf6 37. Kg2 Ra8 38. Nd3 Nd7 39. Nf4 Bxf4 40. gxf4
Rf7 41. Re7 Rxa5 42. Nf5+ Kf6 43. R1e6+ 1-0

[Event "Liga Madrileña 2010/2011 - D. Honor"]
[Site "Madrid ESP"]
[Date "2011.03.06"]
[Round "12.15"]
[White "Fernandez Lledo, Javier"]
[Black "Vallejo Diaz, Jesus"]
[Result "1-0"]
[WhiteElo "2138"]
[BlackElo "2273"]
[PlyCount "61"]
[EventDate "2010.11.21"]
[EventType "team"]
[EventRounds "14"]
[EventCountry "ESP"]
[Source "lmi"]
[SourceDate "2010.11.21"]
[WhiteTeam "Pueblo Nuevo"]
[BlackTeam "Amigos del Retiro"]
[WhiteTeamCountry "ESP"]
[BlackTeamCountry "ESP"]

1. e4 c5 2. Nf3 e6 3. d4 cxd4 4. Nxd4 a6 5. Bd3 Bc5 6. Nb3 Be7 7. O-O Nc6 8.
Be3 Nf6 9. f4 d6 10. c4 Nb4 11. Kh1 Qc7 12. Nc3 Nxd3 13. Qxd3 Bd7 14. Rac1 Rc8
15. Nd2 O-O 16. h3 Rfd8 17. b3 Qa5 18. a4 Bc6 19. Nf3 Qb4 20. Rfd1 b5 21. axb5
axb5 22. cxb5 Bxe4 23. Nxe4 Qxe4 24. Qxe4 Nxe4 25. b6 d5 26. Ne5 Ng3+ 27. Kh2
Ne2 28. Rxc8 Rxc8 29. Nd7 Bd6 30. b7 Rd8 31. Ra1 1-0

[Event "Liga Madrileña 2010/2011 - D. Honor"]
[Site "Madrid ESP"]
[Date "2011.03.06"]
[Round "12.16"]
[White "Paredes Sanchez, Juan"]
[Black "Perez Martinez, Jose Manuel"]
[Result "1-0"]
[WhiteElo "2172"]
[BlackElo "2011"]
[PlyCount "51"]
[EventDate "2010.11.21"]
[EventType "team"]
[EventRounds "14"]
[EventCountry "ESP"]
[Source "lmi"]
[SourceDate "2010.11.21"]
[WhiteTeam "Amigos del Retiro"]
[BlackTeam "Pueblo Nuevo"]
[WhiteTeamCountry "ESP"]
[BlackTeamCountry "ESP"]

1. e4 e6 2. d4 d5 3. Nc3 Nf6 4. Bg5 Bb4 5. e5 h6 6. Be3 Ne4 7. Qg4 g5 8. h4 h5
9. hxg5 hxg4 10. Rxh8+ Bf8 11. Nxe4 dxe4 12. Ne2 Qe7 13. O-O-O b6 14. Nf4 Nd7
15. g6 fxg6 16. Bb5 Kf7 17. Bc4 Nf6 18. d5 Nxd5 19. Rxd5 Bg7 20. Rhd8 Bb7 21.
R8d7 exd5 22. e6+ Ke8 23. Rxe7+ Kxe7 24. Nxd5+ Bxd5 25. Bxd5 Be5 26. Bxa8 1-0

[Event "Liga Madrileña 2010/2011 - D. Honor"]
[Site "Madrid ESP"]
[Date "2011.03.06"]
[Round "12.21"]
[White "Moreno Carnero, Javier"]
[Black "Candela Perez, Jose"]
[Result "1-0"]
[WhiteElo "2519"]
[BlackElo "2399"]
[PlyCount "91"]
[EventDate "2010.11.21"]
[EventType "team"]
[EventRounds "14"]
[EventCountry "ESP"]
[Source "lmi"]
[SourceDate "2010.11.21"]
[WhiteTeam "La Casa del Ajedrez"]
[BlackTeam "Leganes"]
[WhiteTeamCountry "ESP"]
[BlackTeamCountry "ESP"]

1. e4 e5 2. Nf3 Nc6 3. Bb5 a6 4. Ba4 d6 5. O-O Bd7 6. d4 Nf6 7. c4 Nxe4 8. Qe2
Nf6 9. Nc3 Be7 10. Bxc6 Bxc6 11. dxe5 Bxf3 12. Qxf3 dxe5 13. Qxb7 O-O 14. Rd1
Qb8 15. Qf3 Qb4 16. b3 Rad8 17. Bb2 Qa5 18. a3 Qb6 19. Na4 e4 20. Qc3 Qc6 21.
h3 Rb8 22. Qc2 Rfe8 23. Re1 Rb5 24. Re3 Rg5 25. Rae1 h6 26. Bxf6 Bxf6 27. Rxe4
Re6 28. g3 Bd4 29. Qd3 Rxg3+ 30. Qxg3 Rxe4 31. Kf1 Rxe1+ 32. Kxe1 Qe4+ 33. Kd2
Be5 34. Qd3 Bf4+ 35. Kc2 Qg2 36. Qe2 g6 37. Nc3 Qxh3 38. Nd5 Qf5+ 39. Qd3 Qxd3+
40. Kxd3 Bd6 41. b4 c6 42. c5 cxd5 43. cxd6 Kf8 44. a4 Ke8 45. b5 axb5 46. a5
1-0

[Event "Liga Madrileña 2010/2011 - D. Honor"]
[Site "Madrid ESP"]
[Date "2011.03.06"]
[Round "12.22"]
[White "Reyes Larenas, Juan"]
[Black "Gallego Jimenez, Victoriano"]
[Result "0-1"]
[WhiteElo "2435"]
[BlackElo "2398"]
[PlyCount "100"]
[EventDate "2010.11.21"]
[EventType "team"]
[EventRounds "14"]
[EventCountry "ESP"]
[Source "lmi"]
[SourceDate "2010.11.21"]
[WhiteTeam "Leganes"]
[BlackTeam "La Casa del Ajedrez"]
[WhiteTeamCountry "ESP"]
[BlackTeamCountry "ESP"]

1. e4 c5 2. Nf3 d6 3. c3 Nf6 4. h3 g6 5. Bd3 Bg7 6. O-O O-O 7. Bc2 Nc6 8. d4
cxd4 9. cxd4 e5 10. d5 Nb4 11. Bb3 Nxe4 12. Qe1 Nxf2 13. Qxf2 Nd3 14. Qe2 Nxc1
15. Rxc1 f5 16. Nc3 e4 17. Nd2 Bd7 18. Kh1 b5 19. a4 b4 20. Nd1 f4 21. Qxe4 Qh4
22. Nf3 Qg3 23. Qe1 Rae8 24. Qxg3 fxg3 25. Bc4 Rxf3 26. gxf3 Bxh3 27. Ne3 Rxe3
28. Bf1 Bxf1 29. Rc8+ Kf7 30. Rc7+ Re7 31. Rxe7+ Kxe7 32. Rxf1 Bxb2 33. Re1+
Kd7 34. Kg2 Bc3 35. Rh1 h5 36. Kxg3 b3 37. Kf4 b2 38. Ke4 Ke7 39. Kd3 Be5 40.
Kc2 Kf6 41. Rh4 Bg3 42. Rh1 Ke5 43. Kxb2 Kf4 44. Kc2 Kxf3 45. Kd3 h4 46. Rf1+
Bf2 47. Rc1 h3 48. Rc7 h2 49. Rh7 Kg2 50. Ke2 g5 0-1

[Event "Liga Madrileña 2010/2011 - D. Honor"]
[Site "Madrid ESP"]
[Date "2011.03.06"]
[Round "12.23"]
[White "Bass, Leonid"]
[Black "Arribas Lopez, Angel"]
[Result "0-1"]
[WhiteElo "2415"]
[BlackElo "2439"]
[PlyCount "108"]
[EventDate "2010.11.21"]
[EventType "team"]
[EventRounds "14"]
[EventCountry "ESP"]
[Source "lmi"]
[SourceDate "2010.11.21"]
[WhiteTeam "La Casa del Ajedrez"]
[BlackTeam "Leganes"]
[WhiteTeamCountry "ESP"]
[BlackTeamCountry "ESP"]

1. Nf3 d6 2. d4 Nf6 3. c4 g6 4. Nc3 Bg7 5. e4 O-O 6. h3 c5 7. d5 e6 8. Bd3 exd5
9. exd5 Re8+ 10. Be3 Bh6 11. O-O Bxe3 12. fxe3 Qe7 13. e4 Nbd7 14. Qd2 Kg7 15.
Rf2 Rf8 16. Qg5 h6 17. Qh4 g5 18. Nxg5 Ne5 19. Nh7 Ng8 20. Qxe7 Nxe7 21. Nxf8
Nxd3 22. Rf3 Ne5 23. Rg3+ Kxf8 24. Nb5 N7g6 25. Nxd6 Ke7 26. Nxc8+ Rxc8 27. b3
a6 28. a4 Nf4 29. Kf2 Rd8 30. a5 Nh5 31. Re3 Rd6 32. g3 Ng7 33. g4 h5 34. gxh5
Rf6+ 35. Ke2 Nxh5 36. Rg1 Nf4+ 37. Kd2 Nfg6 38. Kc3 Rf2 39. b4 Nf4 40. Rg5 Nf3
41. Rf5 Nh4 42. bxc5 Nxf5 43. exf5+ Kd8 44. Kd4 f6 45. Rb3 Ne2+ 46. Ke3 Rf3+
47. Kxf3 Nd4+ 48. Ke4 Nxb3 49. c6 bxc6 50. h4 Nxa5 51. c5 Nc4 52. h5 Ne5 53. h6
Nf7 54. h7 Ng5+ 0-1

[Event "Liga Madrileña 2010/2011 - D. Honor"]
[Site "Madrid ESP"]
[Date "2011.03.06"]
[Round "12.24"]
[White "Taboas Rodriguez, Daniel"]
[Black "Elguezabal Varela, Daniel"]
[Result "1-0"]
[WhiteElo "2366"]
[BlackElo "2357"]
[PlyCount "41"]
[EventDate "2010.11.21"]
[EventType "team"]
[EventRounds "14"]
[EventCountry "ESP"]
[Source "lmi"]
[SourceDate "2010.11.21"]
[WhiteTeam "Leganes"]
[BlackTeam "La Casa del Ajedrez"]
[WhiteTeamCountry "ESP"]
[BlackTeamCountry "ESP"]

1. d4 f5 2. Bg5 g6 3. Nd2 Bg7 4. e4 fxe4 5. Nxe4 d5 6. Nc5 b6 7. Nb3 Nh6 8. Nf3
Nf7 9. Bf4 O-O 10. Be2 c5 11. dxc5 bxc5 12. c4 d4 13. Nfd2 Qb6 14. Bf3 Nc6 15.
O-O Be5 16. Bxe5 Nfxe5 17. Bd5+ Kg7 18. Ne4 Nd7 19. Qe2 Rf5 20. f4 Ba6 21. Be6
1-0